[Event "TCh-BEL 2013-14"]
[Site "Belgium BEL"]
[Date "2013.11.17"]
[Round "4.8"]
[White "Houriez,C"]
[Black "Didderen,G"]
[Result "1-0"]
[WhiteElo "2282"]
[BlackElo "2095"]

1.d4 d5 2.c4 c6 3.Nf3 Nf6 4.Qc2 dxc4 5.Qxc4 Bg4 6.Nc3 Nbd7 7.Bd2 e6 8.Ne5 Bf5
9.Nxd7 Qxd7 10.f3 b5 11.Qb3 Qxd4 12.e4 Bc5 13.O-O-O Bg6 14.h4 Qe5 15.g4 h5
16.g5 Nd7 17.Ne2 Bd6 18.Bc3 Qc5 19.Kb1 Be5 20.Nd4 O-O-O 21.Nxc6 Qxc6 22.Bxb5 Qb6
23.Bxd7+ Rxd7 24.Qxb6 axb6 25.Bxe5 Rhd8 26.Rxd7 Rxd7 27.Bxg7 f5 28.gxf6 Kd8
29.Rg1 Bf7 30.Kc2 e5 31.b3 Ke8 32.Rg5 Rc7+ 33.Kb2 Rc5 34.Rg2 Kd7 35.Bf8 Rc8
36.Be7 Ke6 37.Rd2 Be8 38.Rd6+ Kf7 39.Rxb6 Bd7 40.Rd6 Be6 41.Rd8 Rc6 42.Rh8 Kg6
43.Rd8 Kf7 44.a4 Bh3 45.Rh8 Bg2 46.Rxh5 Bxf3 47.Rxe5  1-0

[Event "76th ch-CRC 2013"]
[Site "San Jose CRC"]
[Date "2013.11.17"]
[Round "3.7"]
[White "Chinchilla,E"]
[Black "Carvajal Gorgona,J"]
[Result "1/2-1/2"]
[WhiteElo "2191"]
[BlackElo "2239"]

1.d4 d5 2.c4 c6 3.Nf3 Nf6 4.Qc2 g6 5.Bf4 Bg7 6.e3 O-O 7.Nc3 Bf5 8.Qb3 Qb6
9.h3 Qxb3 10.axb3 Na6 11.Ra4 Bc2 12.Nd2 dxc4 13.Bxc4 Nb8 14.Ra1 Nbd7 15.O-O Nb6
16.Rfc1 Nxc4 17.Nxc4 Be4 18.Na5 c5 19.dxc5 b6 20.cxb6 axb6 21.Nc4 Rxa1 22.Rxa1 b5
23.Nxb5 Nd5 24.Bg3 Rc8 25.Ra7 Bc2 26.Rd7 Bxb3 27.Na5 Ba2 28.e4 Nb4 29.Nc3 Be6
30.Rd2 h5 31.e5 Bh6 32.Rd4 Nc2 33.Rd1 Kf8 34.Nb7 Ke8 35.Ne4 Rb8 36.Nec5 Nb4
37.Nxe6 fxe6 38.Nc5 Kf7 39.Rd7 Rb5 40.Rb7 Rxc5 41.Rxb4 Rc1+ 42.Kh2 g5 43.h4 g4
44.f3 Be3 45.fxg4 hxg4 46.Rb7 Bg1+ 47.Kh1 Bf2+ 48.Kh2 Bg1+ 49.Kh1 Bf2+ 50.Kh2 Bg1+  1/2-1/2

[Event "10th European Teams w"]
[Site "Warsaw POL"]
[Date "2013.11.17"]
[Round "9.9"]
[White "Collas,S"]
[Black "Wozniak,Mari"]
[Result "0-1"]
[WhiteElo "2292"]
[BlackElo "2069"]

1.d4 Nf6 2.Nf3 d5 3.c4 c6 4.Qc2 g6 5.g3 Bg7 6.Bg2 O-O 7.O-O Bf5 8.Qb3 Qb6
9.Nc3 Nbd7 10.Qxb6 Nxb6 11.c5 Nbd7 12.Nh4 Be6 13.Rd1 h6 14.f4 Rfd8 15.h3 h5
16.Be3 Ne8 17.b4 b6 18.Rac1 b5 19.a4 a6 20.Kh2 Rdb8 21.axb5 axb5 22.Ra1 Nc7
23.Bf3 Nf6 24.Bf2 Kf8 25.Ng2 Ra6 26.Ne3 Rba8 27.Rab1 Ra3 28.Rd3 Bf5 29.Nxf5 gxf5
30.Nd1 Rxd3 31.exd3 Ra3 32.Be2 Ne6 33.Be3 Nd7 34.Bxh5 Nxd4 35.Nf2 Ra2 36.Bd1 Ne6
37.Kg2 Bc3 38.Kf1 Ra8 39.Bf3 Ra4 40.Nd1 Bxb4 41.g4 Bxc5 42.gxf5 Nxf4 43.d4 Bd6
44.Rc1 Ra6 45.h4 Nf6 46.Nc3 N6h5 47.Bxh5 Nxh5 48.Bh6+ Kg8 49.Kf2 Kh7 50.Bg5 f6
51.Bd2 Ng3 52.Rg1 Nxf5 53.h5 b4 54.Ne2 Ra2 55.Rd1 Nxd4 56.Nxd4 Bc5 57.Kf3 Bxd4
58.Bxb4 c5 59.Bd2 e5 60.Kg4 e4 61.Kf5 e3 62.Bxe3 Bxe3 63.Rxd5 Rf2+ 64.Ke6 Kh6
65.Rd3 Bd4 66.Rh3 Rg2 67.Kf7 Rg4 68.Ke6 c4  0-1

[Event "Chennai GM Open 2013"]
[Site "Chennai IND"]
[Date "2013.11.18"]
[Round "5.13"]
[White "Borovikov,V"]
[Black "Baghdasaryan,V"]
[Result "1/2-1/2"]
[WhiteElo "2558"]
[BlackElo "2393"]

1.d4 d5 2.c4 c6 3.Nf3 Nf6 4.Qb3 dxc4 5.Qxc4 Bf5 6.g3 e6 7.Bg2 Be7 8.O-O Nbd7
9.e3 O-O 10.Rd1 Qc7 11.Nc3 e5 12.e4 Bg4 13.Be3 Rad8 14.Rac1 exd4 15.Bxd4 Bxf3
16.Bxf3 Ne5 17.Qe2 Nxf3+ 18.Qxf3 Qa5 19.a3 Nd7 20.Kg2 Bf6 21.Bxf6 Nxf6 22.Rxd8 Rxd8
23.Rd1 h6 24.h3 Qb6 25.Rxd8+ Qxd8 26.Qe3  1/2-1/2

[Event "23rd World Seniors 2013"]
[Site "Opatija CRO"]
[Date "2013.11.18"]
[Round "6.87"]
[White "Green,Per"]
[Black "Strohbusch,Frank"]
[Result "1-0"]
[WhiteElo "1990"]
[BlackElo "1855"]

1.Nf3 d5 2.d4 c6 3.c4 dxc4 4.a4 e6 5.g3 Nf6 6.Bg2 Qc7 7.O-O a5 8.Ne5 Nbd7
9.Nxc4 Nb6 10.Bf4 Qd8 11.Nba3 Be7 12.Nxb6 Qxb6 13.Nc4 Qb4 14.Qc2 O-O 15.Bd2  1-0

[Event "23rd World Seniors 2013"]
[Site "Opatija CRO"]
[Date "2013.11.18"]
[Round "6.71"]
[White "Danielsson,R"]
[Black "Hocevar,N"]
[Result "1-0"]
[WhiteElo "2098"]
[BlackElo "1996"]

1.d4 d5 2.c4 c6 3.Nf3 Nf6 4.Qc2 g6 5.Bf4 Bg7 6.e3 Bf5 7.Qb3 Qb6 8.c5 Qxb3
9.axb3 Nbd7 10.Nc3 O-O 11.h3 h6 12.b4 a6 13.Be2 Be4 14.Rg1 g5 15.Bh2 Bg6
16.Nd2 Ne4 17.Ncxe4 dxe4 18.Nc4 f5 19.Rf1 Bf7 20.Kd2 Bd5 21.Kc3 Kh7 22.Na5 b6
23.cxb6 Nxb6 24.Bc7 Nd7 25.Nc4 Rfc8 26.Nb6 Nxb6 27.Bxb6 e5 28.Rxa6 Rxa6 29.Bxa6 Ra8
30.Bc4 Bxc4 31.Kxc4 exd4 32.Bxd4 f4 33.Bxg7 Kxg7 34.Rd1 Ra2 35.Rd2 h5 36.Kc5 Ra6
37.b5 cxb5 38.Kxb5 Rf6 39.b4 h4 40.exf4 gxf4 41.Re2 Re6 42.Kc5 Kf6 43.b5 Ke5
44.b6 Re7 45.Rb2 Rb7 46.Kc6 Rb8 47.b7 e3 48.fxe3 fxe3 49.Kc7 Rxb7+ 50.Kxb7 Kd4
51.Kc6 Kd3 52.Kd5 e2 53.Rxe2 Kxe2 54.Ke4 Kf2 55.Kf4 Kxg2 56.Kg4  1-0

[Event "Great Hopes GM 2013"]
[Site "Budapest HUN"]
[Date "2013.11.19"]
[Round "4.3"]
[White "Troff,Kayden W"]
[Black "Varga,Zo"]
[Result "1/2-1/2"]
[WhiteElo "2457"]
[BlackElo "2441"]

1.d4 d5 2.c4 c6 3.Nf3 dxc4 4.e3 Be6 5.a4 Nf6 6.Nc3 g6 7.e4 h6 8.Be2 Bg7 9.O-O O-O
10.Be3 Nbd7 11.Nd2 Qa5 12.Nxc4 Bxc4 13.Bxc4 e5 14.d5 Nb6 15.Bb3 Rad8 16.Qc2 cxd5
17.Bxb6 Qxb6 18.Nxd5 Nxd5 19.Bxd5 Rc8 20.Qe2 Rc7 21.Rad1 Qb4 22.b3 a6 23.Rd3 b5
24.axb5 axb5 25.h4 Bf6 26.h5 Kg7 27.Ra1 Bg5 28.Rf3 gxh5 29.Rf5 Kg6 30.Rxe5 Qc3
31.Ra6+ f6 32.Rf5 Qc1+ 33.Kh2 Rc2 34.Qf3 Rc3 35.Rfxf6+ Bxf6 36.Qf5+ Kg7 37.Qd7+ Kg6
38.Qf5+ Kg7 39.Rxf6 Rxf6 40.Qd7+ Kg6 41.Qe8+ Kg5 42.Qe5+ Kg6 43.Qe8+ Kg5
44.Qe5+ Kg6 45.Qe8+  1/2-1/2

[Event "ch-VIE w 2013"]
[Site "Ho Chi Minh City VIE"]
[Date "2013.11.19"]
[Round "1.11"]
[White "Ngo Thi Kim Tuyen"]
[Black "Bach,Ngoc Thuy Duong"]
[Result "1-0"]
[WhiteElo "2079"]
[BlackElo "1614"]

1.d4 d5 2.c4 c6 3.Nf3 Nf6 4.Qc2 e6 5.g3 b6 6.Bg2 Bb7 7.O-O Nbd7 8.b3 Be7
9.Nc3 Rc8 10.Rd1 O-O 11.e4 dxe4 12.Nxe4 Nxe4 13.Qxe4 Nf6 14.Qc2 Qc7 15.Bf4 Bd6
16.Bxd6 Qxd6 17.c5 Qc7 18.b4 Rfd8 19.Ne5 Nd5 20.Rab1 Ne7 21.Be4 g6 22.a4 a6
23.Qb2 b5 24.a5 Nd5 25.Qd2 Qe7 26.Bf3 Qf6 27.Rb3 Qe7 28.Re1 Qf8 29.Kg2 Ne7
30.h4 Qg7 31.Bg4 Rb8 32.Rf3 f5 33.Bh3 Nd5 34.Kh1 Nf6 35.Qa2 Qe7 36.Qb2 Re8
37.Rfe3 Nd5 38.R3e2 Rbd8 39.Nf3 Qf6 40.Ng5 Nc7 41.Re5 h6 42.Nf3 Kg7 43.Qc1 Nd5
44.Qb1 Nc7 45.Qc1 Nd5 46.Qd2 Nc7 47.Bg2 Rd7 48.R5e2 Red8 49.Qc1 Re7 50.Ne5 Nd5
51.Qb2 Ree8 52.Nd3 Bc8 53.Ne5 Bb7 54.Nd3 Bc8 55.Re5 Bd7 56.Bxd5 exd5 57.Rxe8 Rxe8
58.Rxe8 Bxe8 59.Ne5 f4 60.Qe2 fxg3 61.fxg3 Qf5 62.Kg2 Kf8 63.Qe3 Kg7 64.g4 Qc2+
65.Kg3 Qb1 66.Nf3 Bf7 67.Qe5+ Kg8 68.Qb8+ Kg7 69.Qe5+ Kg8 70.Qb8+ Kg7 71.Qd6 Qxb4
72.Qxc6 Qxa5 73.Qd7 b4 74.c6 Qa4 75.Qb7  1-0

[Event "ch-VIE 2013"]
[Site "Ho Chi Minh City VIE"]
[Date "2013.11.19"]
[Round "2.7"]
[White "Ton,T"]
[Black "Le,Minh Hoang"]
[Result "1-0"]
[WhiteElo "2242"]
[BlackElo "1912"]

1.d4 d5 2.Nf3 Nf6 3.c4 c6 4.Qc2 dxc4 5.Qxc4 Bf5 6.g3 Nbd7 7.Bg2 e6 8.O-O Be7
9.Nc3 O-O 10.Qb3 Qb6 11.Re1 Qxb3 12.axb3 Ne4 13.Nh4 Bb4 14.Nxf5 exf5 15.Bxe4 fxe4
16.Bd2 Rfe8 17.Nxe4 Rxe4 18.Bxb4 Rxd4 19.Bc3 Rd5 20.e4 Rd3 21.Red1 Rxd1+
22.Rxd1 Nc5 23.e5 Nxb3 24.e6 Nc5 25.e7 Ne6 26.Rd7 f5 27.Bxg7 Re8 28.Be5 Nc5
29.Rc7 Nd3 30.Bd6 b5 31.b3 Nc1 32.b4 Ne2+ 33.Kg2 Nd4 34.Rxa7 Kf7 35.Ra6 Rc8
36.Bc5 Ne6 37.Bd6 Ke8 38.Ra7 c5 39.bxc5 Nxc5 40.Kf3 Ne4 41.Bb4 Rb8 42.Kf4 Nxf2
43.Kxf5 Nd3 44.Bd6 Rc8 45.Rb7 Nc5 46.Rxb5 Nd7 47.Ke6 Rc2 48.Rf5 Re2+ 49.Kd5 Rd2+
50.Kc6 Rc2+ 51.Kb5 Rb2+ 52.Ka5  1-0

[Event "76th ch-CRC 2013"]
[Site "San Jose CRC"]
[Date "2013.11.20"]
[Round "7.5"]
[White "Chinchilla,E"]
[Black "Gonzalez,Be CRC"]
[Result "0-1"]
[WhiteElo "2191"]
[BlackElo "2454"]

1.d4 d5 2.c4 c6 3.Nf3 Nf6 4.Qc2 dxc4 5.Qxc4 Bf5 6.g3 e6 7.Bg2 Nbd7 8.O-O Be7
9.Rd1 O-O 10.e3 Rc8 11.Nc3 b5 12.Qe2 b4 13.Na4 Qa5 14.b3 Be4 15.Nd2 Bxg2
16.Kxg2 Nb6 17.Nb2 Nfd5 18.Nbc4 Qa6 19.Bb2 c5 20.dxc5 Rxc5 21.Ne4 Nxc4 22.bxc4 Rxc4
23.Rdc1 Rfc8 24.Rxc4 Qxc4 25.Qxc4 Rxc4 26.Kf3 f5 27.Nd2 Rc2  0-1

[Event "UT Dallas IM Inv 2013"]
[Site "Dallas USA"]
[Date "2013.11.22"]
[Round "2.5"]
[White "Moon,R"]
[Black "Safin,A"]
[Result "0-1"]
[WhiteElo "2149"]
[BlackElo "2251"]

1.d4 d5 2.c4 c6 3.Nf3 Nf6 4.Qc2 e6 5.g3 Nbd7 6.Bg2 Bd6 7.O-O O-O 8.Nbd2 c5
9.cxd5 exd5 10.b3 b6 11.Bb2 Ba6 12.Rfe1 Re8 13.e4 cxd4 14.Nxd4 Rc8 15.Nc6 dxe4
16.Nxe4 Be5 17.Bxe5 Nxe5 18.Nxd8 Rxc2 19.Nxf6+ gxf6 20.Nc6 Rxa2 21.Nxe5 Rxe5
22.f4 Rxe1+ 23.Rxe1 Be2 24.Rc1 Rd2 25.Rc7 Bd1 26.b4 a5 27.bxa5 bxa5 28.Ra7 a4
29.Bc6 Kg7 30.Be8 Bb3 31.Bxa4 Ra2 32.Bxb3 Rxa7 33.Kg2 Kf8 34.Kh3 Rb7 35.Bc2 Rb5
36.Bd3 Rh5+ 37.Kg2 h6 38.Be4 Ke7 39.f5 Rg5 40.Kf3 Kd6 41.Kf4 Rg8 42.Bf3 Rb8
43.Kg4 Ke5 44.Kh5 Kxf5 45.Bg4+ Ke5 46.Kxh6 Rh8+  0-1

[Event "TCh-CZE Vychod 2013-14"]
[Site "Czech Rep CZE"]
[Date "2013.11.23"]
[Round "5.3"]
[White "Roubalik,J"]
[Black "Malik,J"]
[Result "1-0"]
[WhiteElo "2329"]
[BlackElo "2257"]

1.d4 d5 2.c4 c6 3.Nf3 Nf6 4.Nbd2 Bf5 5.Nh4 Be4 6.f3 Bg6 7.Qb3 Qc7 8.g4 e6
9.e4 dxe4 10.g5 Nh5 11.Nxg6 hxg6 12.Nxe4 Nd7 13.Bd2 e5 14.dxe5 Nc5 15.Nxc5 Bxc5
16.f4 Qb6 17.Bg2 Bf2+ 18.Ke2 Qd4 19.Rhf1 O-O-O 20.Rad1 Nxf4+ 21.Bxf4 Qxf4
22.Rxf2 Qxg5 23.Rxd8+ Rxd8 24.Bh3+ Kb8 25.Qe3 Qh5+ 26.Kf1 Rh8 27.Kg2 g5 28.Qg3 Ka8
29.Bg4 Qh7 30.Rxf7 Qc2+ 31.Qf2 Qe4+ 32.Qf3 Qc2+ 33.Qe2 Qg6 34.e6 a6 35.Rd7  1-0

[Event "TCh-CZE Zapad 2013-14"]
[Site "Jicin CZE"]
[Date "2013.11.24"]
[Round "3.3"]
[White "Kraus,To"]
[Black "Trichkov,V"]
[Result "1-0"]
[WhiteElo "2370"]
[BlackElo "2339"]

1.Nf3 d5 2.d4 Nf6 3.c4 c6 4.Nbd2 Bf5 5.Nh4 Bg6 6.Qb3 Qb6 7.Qh3 Nbd7 8.Nxg6 fxg6
9.e3 O-O-O 10.c5 Qc7 11.f4 Kb8 12.Bd3 e6 13.O-O Bxc5 14.dxc5 Nxc5 15.Bc2 e5
16.b4 Ncd7 17.fxe5 Nxe5 18.Bb2 Rhe8 19.Bd4 Rd7 20.Rad1 Neg4 21.Rf4 Ne5 22.Rf2 Neg4
23.Re2 Rde7 24.Rde1 b6 25.e4 c5 26.bxc5 bxc5 27.Bxf6 Nxf6 28.Ba4 Rd8 29.exd5 Rxe2
30.Rxe2 Nxd5 31.Nc4 Qf4 32.Rb2+ Kc7 33.Qg3 g5 34.Qxf4+ gxf4 35.Rb5 Nc3 36.Rxc5+ Kb8
37.Bb3 Ne4 38.Re5 Nf6 39.Re7 Rd7 40.Rxd7 Nxd7 41.h4 h6 42.h5 Kc7 43.Bc2 Kc6
44.Ba4+  1-0

[Event "2nd Hyderabad GM Open 2013"]
[Site "Hyderabad IND"]
[Date "2013.11.25"]
[Round "2.10"]
[White "Mirzoev,A"]
[Black "Krishna,CRG"]
[Result "1-0"]
[WhiteElo "2519"]
[BlackElo "2304"]

1.d4 d5 2.c4 c6 3.Nf3 Nf6 4.Qc2 dxc4 5.Qxc4 Bf5 6.g3 e6 7.Bg2 Be7 8.Qb3 Qb6
9.Nc3 Nbd7 10.Nd2 Bg6 11.Nc4 Qa6 12.O-O O-O 13.Bf4 Nd5 14.Bd6 Bxd6 15.Nxd6 Rab8
16.e4 Nxc3 17.bxc3 c5 18.e5 b5 19.f4 Qb6 20.Rad1 c4 21.Qb2 Bd3 22.Rf2 a5
23.f5 exf5 24.Nxf5 Qe6 25.Ne3 b4 26.Nd5 Nb6 27.Nf4 Na4 28.Qa1 Qa6 29.cxb4 Rxb4
30.Nxd3 cxd3 31.Bf1 Qb6 32.a3 Rxd4 33.Rxd3 Rxd3 34.Bxd3 Nc5 35.Bc2 Rd8 36.Qc3 Ne6
37.Kg2 Nd4 38.Be4 h6 39.Rb2 Qe6  1-0

[Event "XXVII Belgrade Trophy"]
[Site "Obrenovac SRB"]
[Date "2013.11.26"]
[Round "3.26"]
[White "Deac,Bogdan-Daniel"]
[Black "Pastar,S"]
[Result "1-0"]
[WhiteElo "2276"]
[BlackElo "2133"]

1.d4 d5 2.c4 c6 3.Nf3 dxc4 4.e3 Be6 5.Qc2 Nf6 6.Bxc4 Bxc4 7.Qxc4 g6 8.O-O Bg7
9.a4 O-O 10.b4 Qd5 11.Nbd2 Nbd7 12.Qc2 Qh5 13.Bb2 Nd5 14.Qb3 Rac8 15.Rac1 Rfd8
16.h3 g5 17.b5 g4 18.hxg4 Qxg4 19.Rfe1 Nf8 20.bxc6 bxc6 21.Ba3 Ng6 22.Qc4 Nb6
23.Qa6 e5 24.a5 Nd5 25.dxe5 Bxe5 26.Rc4 Qd7 27.Rec1 Bg7 28.Ne4 Ne5 29.Nxe5 Bxe5  1-0

[Event "St Louis Classic IM 2013"]
[Site "Saint Louis USA"]
[Date "2013.11.26"]
[Round "8.5"]
[White "Gorovets,A"]
[Black "Young,An"]
[Result "1/2-1/2"]
[WhiteElo "2480"]
[BlackElo "2311"]

1.d4 d5 2.c4 c6 3.Nf3 Nf6 4.Qb3 dxc4 5.Qxc4 Qd5 6.e3 Qxc4 7.Bxc4 Nbd7 8.Nc3 Nb6
9.Bb3 Bf5 10.Ne5 e6 11.f3 Nfd7 12.Nxd7 Kxd7 13.e4 Bg6 14.a4 Re8 15.Be3 f5
16.a5 Na8 17.e5  1/2-1/2

[Event "XXVII Belgrade Trophy"]
[Site "Obrenovac SRB"]
[Date "2013.11.27"]
[Round "4.32"]
[White "Stefanov,Emil"]
[Black "Stavnjak,L"]
[Result "1-0"]
[WhiteElo "2030"]
[BlackElo "2257"]

1.d4 d5 2.c4 c6 3.Nf3 Nf6 4.Qc2 e6 5.g3 Nbd7 6.Bg2 Bb4+ 7.Bd2 a5 8.O-O Ne4
9.a3 Nxd2 10.Nbxd2 Be7 11.e4 O-O 12.Rfe1 a4 13.Rad1 h6 14.h3 Re8 15.exd5 cxd5
16.cxd5 exd5 17.Nb1 Nb6 18.Nc3 Be6 19.Ne5 Rc8 20.Qd3 Nc4 21.Nxc4 Rxc4 22.Qf3 Bf6
23.Nxd5 Bxd5 24.Rxe8+ Qxe8 25.Qxd5 Rc7 26.Qa5 Qd7 27.Qa8+ Kh7 28.Qa5 g6 29.Qb4 Be7
30.Qd2 b6 31.h4 h5 32.Qd3 Kg7 33.d5 Qd6 34.Qd2 Bf6 35.Rc1 Rxc1+ 36.Qxc1 Bd4
37.Qd2 Qe5 38.Kh2 Qf6 39.d6 Qxd6 40.Bc6 Qf6 41.Bxa4  1-0

[Event "73rd ch-ITA"]
[Site "Rome ITA"]
[Date "2013.11.28"]
[Round "7.1"]
[White "Godena,M"]
[Black "Brunello,S"]
[Result "1-0"]
[WhiteElo "2501"]
[BlackElo "2615"]

1.d4 d5 2.Nf3 Nf6 3.c4 c6 4.Nbd2 Bf5 5.Nh4 Be4 6.Qb3 Qb6 7.c5 Qxb3 8.axb3 Na6
9.Nxe4 dxe4 10.e3 Nb4 11.Ra4 Nbd5 12.f3 e5 13.dxe5 Nd7 14.fxe4 Nc7 15.b4 g6
16.Nf3 Bg7 17.Bd2 O-O 18.Bc3 a6 19.Ra1 Rae8 20.Rd1 Re7 21.Bc4 Nb5 22.e6 Nxc3
23.bxc3 Bxc3+ 24.Ke2 fxe6 25.Rxd7 Rxd7 26.Bxe6+ Rff7 27.Rb1 Re7 28.Bxf7+ Kxf7
29.Kd3 Bf6 30.Rf1 Kg7 31.Nd4 h5 32.h3 Rd7 33.Kc4 Re7 34.Kd3 Rd7 35.Rf2 Re7
36.Rf3 Rd7 37.Rf1 Re7 38.Rf3 Rd7 39.Rf4 Be5 40.Rf2 Bf6 41.g4 hxg4 42.hxg4 Rd8
43.Rf1 Rd7 44.Rf2 Rd8 45.Rf1 Rd7 46.g5 Bxg5 47.e5 Bd8 48.Ke4 Re7 49.Rg1 Kf7
50.Rf1+ Kg7 51.Rg1 Kf7 52.Nf3 Bc7 53.Rd1 a5 54.bxa5 Bxa5 55.Ng5+ Kg7 56.Rd6 Bc3
57.Ne6+ Kf7 58.Nd4 Bb4 59.Rf6+ Ke8 60.Rxg6 Bxc5 61.Nf5 Rh7 62.e6 Kd8 63.Rg8+ Kc7
64.Re8 b5 65.e7 Bxe7 66.Rxe7+ Rxe7+ 67.Nxe7 Kb6 68.Kd4 c5+ 69.Kd5 c4 70.Kd4 Kb7
71.Nd5 Kc6 72.e4 Kd6 73.e5+ Kd7 74.Nb4 Ke6 75.Ke4 Kd7 76.Kd5 Ke7 77.e6 c3
78.Ke5 Ke8 79.Kd6 Kd8 80.e7+ Ke8 81.Ke6  1-0

[Event "TCh-CZE Extraliga 2013-14"]
[Site "Litovel CZE"]
[Date "2013.11.30"]
[Round "3.1"]
[White "Swiercz,D"]
[Black "Manik,M"]
[Result "1-0"]
[WhiteElo "2627"]
[BlackElo "2404"]

1.d4 d5 2.Nf3 Nf6 3.c4 c6 4.Nbd2 e6 5.g3 Nbd7 6.Bg2 b6 7.O-O Ba6 8.b3 Be7
9.Qc2 O-O 10.e4 Rc8 11.Rd1 Nxe4 12.Nxe4 dxe4 13.Qxe4 b5 14.Qc2 bxc4 15.bxc4 Qa5
16.Rb1 Rfd8 17.Bd2 Qa3 18.Ng5 Nf6 19.Be3 h6 20.Ne4 Nxe4 21.Bxe4 Bf6 22.Rd3 Qa5
23.Bd2 Qh5 24.Qa4 Rb8 25.Rxb8 Rxb8 26.Qxa6 Qe2 27.Rb3 Rd8 28.Be3 Bxd4 29.Kg2  1-0

[Event "9th Ugra Governor's Cup B"]
[Site "Khanty-Mansiysk RUS"]
[Date "2013.12.01"]
[Round "4"]
[White "Trapeznikova,D"]
[Black "Deryagin,Aleksandr"]
[Result "1-0"]
[WhiteElo "2069"]
[BlackElo "1889"]

1.d4 d5 2.c4 c6 3.Nf3 dxc4 4.a4 Nd7 5.Nc3 Ngf6 6.Bg5 e6 7.e3 Be7 8.Bxc4 O-O
9.O-O b6 10.Qe2 a6 11.Rfd1 Bb7 12.e4 Rc8 13.Bxa6 Bxa6 14.Qxa6 Nd5 15.Bxe7 Nxe7
16.b4 Qc7 17.Qe2 Nf6 18.a5 b5 19.Rac1 Qb7 20.Rc2 Rfd8 21.Rdc1 h6 22.h3 Ne8
23.Nd1 Rc7 24.Rc3 Rcd7 25.Nb2 Nc7 26.Nd3 Qa7 27.Nde5 Rxd4 28.Nxd4 Rxd4 29.Nxc6  1-0

[Event "9th Ugra Governor's Cup"]
[Site "Khanty-Mansiysk RUS"]
[Date "2013.12.02"]
[Round "5.4"]
[White "Lysyj,I"]
[Black "Pridorozhni,A"]
[Result "1/2-1/2"]
[WhiteElo "2666"]
[BlackElo "2517"]

1.Nf3 d5 2.d4 Nf6 3.c4 c6 4.g3 Bf5 5.Nc3 e6 6.Nh4 Bg6 7.Nxg6 hxg6 8.Qd3 Nbd7
9.Bg2 Bd6 10.O-O O-O 11.Rd1 Re8 12.Bg5 Qa5 13.c5 Bf8 14.Bd2 Qc7 15.f4 Nh7
16.g4 g5 17.e3 g6 18.h4 gxh4 19.g5 e5 20.dxe5 Nxe5 21.fxe5 Qxe5 22.Qd4 Qxg5
23.Kh1 Qh5 24.Bh3 Bg7 25.Qf4 Be5 26.Qf1 Ng5 27.Qg2 Qf3 28.Bg4 Qxg2+ 29.Kxg2 f5
30.Bf3 h3+ 31.Kf2 Nxf3 32.Kxf3 g5 33.Ne2 Kf7 34.Bc3 Re7 35.Bxe5 Rxe5 36.Ng3 Rae8
37.Rd3 Kg6 38.Rh1 R5e7 39.Kf2 g4 40.Ne2 Kg5 41.b3 Re4 42.Rc1 Kh4 43.Ng3 Rf8
44.Ne2 f4 45.Nxf4 d4 46.Kg1 Rf6 47.Nxh3 Kxh3 48.exd4+ Rf3 49.Rd2 Rg3+ 50.Kh1 Rge3
51.Rh2+ Kg3 52.Rg1+ Kf4 53.Rh8 Re8 54.Rf1+ Kg3 55.Rg1+ Kf2 56.Rh2+ Kf3 57.Rf1+ Ke4
58.Rh7 Rb8 59.Re7+ Kd3 60.Rd1+ Ke2 61.Rxe3+ Kxd1 62.Kg2 Kd2  1/2-1/2

[Event "9th Ugra Governor's Cup B"]
[Site "Khanty-Mansiysk RUS"]
[Date "2013.12.04"]
[Round "7"]
[White "Chekletsov,Ilya"]
[Black "Khalturina,T"]
[Result "1-0"]
[WhiteElo "2053"]
[BlackElo "1823"]

1.d4 d5 2.c4 c6 3.Nf3 Nf6 4.Qc2 g6 5.Bf4 Bg7 6.e3 O-O 7.h3 Qa5+ 8.Nbd2 Bf5
9.Bd3 Bxd3 10.Qxd3 Ne4 11.O-O Nxd2 12.Nxd2 Nd7 13.Nf3 Qa6 14.b3 Rac8 15.Rfd1 Rfe8
16.Rac1 e6 17.Qd2 b6 18.Rc2 h6 19.Bh2 Qb7 20.a4 c5 21.Rdc1 dxc4 22.bxc4 Qe4
23.Qe1 Qc6 24.a5 bxa5 25.Qxa5 Qb6 26.Qxb6 axb6 27.Ra2 cxd4 28.exd4 e5 29.Ra7 e4
30.Rxd7 exf3 31.gxf3 Red8 32.Rxd8+ Rxd8 33.d5 Bd4 34.Bf4 g5 35.Be3 Bxe3 36.fxe3 f5
37.Kf2 b5 38.e4 fxe4 39.fxe4 bxc4 40.Rxc4  1-0

[Event "IV JAHV McGregor 2013"]
[Site "Bogota COL"]
[Date "2013.12.08"]
[Round "9.22"]
[White "Sanchez Alvarez,R"]
[Black "Chirivi C,Y"]
[Result "1-0"]
[WhiteElo "2385"]
[BlackElo "2211"]

1.d4 d5 2.c4 c6 3.Nf3 Nf6 4.Nbd2 Bf5 5.Nh4 Bg6 6.Qb3 Qb6 7.Qh3 Na6 8.Nxg6 fxg6
9.c5 Qa5 10.a3 g5 11.b4 g4 12.Qb3 Qc7 13.Bb2 Nb8 14.e4 e6 15.e5 Ng8 16.h3 gxh3
17.Qxh3 Qf7 18.Bd3 Nh6 19.Nf3 Be7 20.Bc3 a6 21.Bd2 Nf5 22.g4 Nh6 23.Ke2 Rf8
24.Bxh7 Kd7 25.Bd3 Kc7 26.g5 Nf5 27.Bxf5 exf5 28.Bf4 Qe6 29.Qh7 Nd7 30.Qxg7 Rg8
31.Qh6 Nf8 32.Qxe6 Nxe6 33.Ke3 Kd7 34.Rab1 Rg7 35.Rh5 Rag8 36.Rg1 Kc7 37.Rgh1 Kd7
38.Rh8 Rxh8 39.Rxh8 Bxg5 40.Nxg5 Nxg5 41.Bxg5 Rxg5 42.Rh7+ Kc8 43.f3 Rg1
44.Kf4 Rd1 45.Kxf5  1-0

[Event "63rd ch-HUN 2013"]
[Site "Gyula HUN"]
[Date "2013.12.08"]
[Round "6.5"]
[White "Horvath,Cs1"]
[Black "Pap,G"]
[Result "1/2-1/2"]
[WhiteElo "2537"]
[BlackElo "2522"]

1.d4 d5 2.c4 c6 3.Nf3 Nf6 4.Nbd2 Bf5 5.g3 h6 6.Bg2 e6 7.O-O Nbd7 8.b3 Be7
9.Bb2 O-O 10.Ne5 Nxe5 11.dxe5 Nd7 12.cxd5 cxd5 13.e4 dxe4 14.Nxe4 Bxe4 15.Bxe4 Nc5
16.Bc2 Qxd1 17.Raxd1 a5 18.Bd4 Rfd8 19.Kg2 Rd5 20.Bc3 Rxd1 21.Rxd1 b5 22.Bd4 Rc8
23.Rd2 Rd8 24.f4 Na6 25.Bc3 Nb4 26.Rxd8+ Bxd8 27.Bxb4 axb4 28.Kf3 g5 29.Bd3 gxf4
30.gxf4 f6 31.exf6 Bxf6 32.Bxb5 Kf7 33.Ke4 Bb2 34.Bc4 Kf6 35.Be2 Bc1 36.Bg4 Bd2
37.h3 Bc1 38.Bh5 Bd2 39.Bg4 Bc1 40.Bh5 Bd2 41.Be8 Bc1 42.Bd7 Bd2 43.Bc8 Bc1
44.f5 exf5+ 45.Bxf5 Ba3 46.Bg4 Kg5 47.Kf3 h5 48.Bc8 Bb2 49.Kg3 Be5+ 50.Kf3 Bb2
51.Ke4 Bc1 52.Bd7 Ba3 53.Bc8 Bb2 54.Be6 Ba3  1/2-1/2

[Event "63rd ch-HUN 2013"]
[Site "Gyula HUN"]
[Date "2013.12.10"]
[Round "8.4"]
[White "Horvath,Cs1"]
[Black "Gonda,L"]
[Result "1/2-1/2"]
[WhiteElo "2537"]
[BlackElo "2552"]

1.d4 d5 2.Nf3 Nf6 3.c4 c6 4.g3 Bg4 5.Bg2 e6 6.Qb3 Qb6 7.Nc3 Nbd7 8.O-O Be7
9.Re1 Bf5 10.c5 Qxb3 11.axb3 O-O 12.b4 a6 13.Bf4 h6 14.h3 Rfe8 15.g4 Bh7
16.Nd2 Rac8 17.f3 g5 18.Bg3 h5 19.e4 hxg4 20.hxg4 Nf8 21.Nb3 Rcd8 22.Rad1 Kg7
23.Na5 Rd7 24.Na4 Bd8 25.Nb6 Bxb6 26.cxb6 Ree7 27.Nb3 Ne8 28.Nc5 Rd8 29.exd5 cxd5
30.f4 Rd6 31.fxg5 Rxb6 32.Bxd5 Rxb4 33.Rd2 Ng6 34.Bf3 b6 35.Nxa6 Rb5 36.Nb8 Rxg5
37.Nc6  1/2-1/2

[Event "Pavlodar Open 2013"]
[Site "Pavlodar KAZ"]
[Date "2013.12.11"]
[Round "2.28"]
[White "Kotsur,Kirill"]
[Black "Serikbay,Chingiz"]
[Result "0-1"]
[WhiteElo "1733"]
[BlackElo "2037"]

1.d4 d5 2.Nf3 Nf6 3.c4 c6 4.g3 e6 5.Bg2 Nbd7 6.cxd5 exd5 7.O-O Bd6 8.Nc3 O-O
9.a3 a5 10.Re1 Re8 11.Qc2 Nf8 12.Bg5 Bg4 13.e4 dxe4 14.Rxe4 Rxe4 15.Nxe4 Be7
16.Bxf6 Bxf6 17.Nxf6+ Qxf6 18.Ne5 Be6 19.Re1 Qd8 20.Qc5 a4 21.Qb4 Qa5 22.Qxa5 Rxa5
23.Nd3 Nd7 24.Rc1 Rb5 25.Nc5 Nxc5 26.Rxc5 Rxb2 27.Ra5 Rb1+ 28.Bf1 g6 29.Kg2 Bd5+
30.f3 Bxf3+ 31.Kxf3 Rxf1+ 32.Kg2 b5 33.d5 cxd5 34.Rxb5 Ra1 35.Rxd5 Rxa3  0-1

[Event "Pavlodar Open 2013"]
[Site "Pavlodar KAZ"]
[Date "2013.12.12"]
[Round "4.6"]
[White "Ovetchkin,R"]
[Black "Khegay,D"]
[Result "1/2-1/2"]
[WhiteElo "2542"]
[BlackElo "2348"]

1.d4 d5 2.c4 c6 3.Nf3 dxc4 4.e3 Be6 5.Nc3 b5 6.Ng5 Bc8 7.a4 e6 8.Nf3 Bb4
9.Bd2 Bb7 10.b3 a5 11.axb5 Bxc3 12.Bxc3 cxb5 13.bxc4 b4 14.Bb2 Nf6 15.Bd3 O-O
16.O-O Nbd7 17.Nd2 Re8 18.Bc2 Nb6 19.c5 Nbd7 20.Ba4 Qc7 21.h3 Red8 22.Qc2 Bc6
23.Nc4 Be4 24.Qb3 Bd5 25.Rfc1 e5 26.Qc2 exd4 27.exd4 Be4 28.Qe2 Nf8 29.f3 Bd5
30.Qe5 Ne6 31.Qxc7 Nxc7 32.Nb6 Ra7 33.Kf2 Na8 34.Nxd5 Nxd5 35.g3 Nac7 36.Rc4 Ra6
37.Re1 Kf8 38.h4 Re6 39.Rxe6 Nxe6 40.Ke2 Nec7 41.Kd3 Ne7 42.g4 Ng6 43.Ke4 Nxh4
44.Bc6 Ng6 45.d5 Ne7 46.d6 Nxc6 47.dxc7 Rc8 48.Kd5 Rxc7 49.Kd6 Rc8 50.Kd7 Ne7
51.c6 Rxc6 52.Rxc6 Nxc6 53.Kxc6 f5 54.Kb5 fxg4 55.fxg4 Kf7 56.Kxa5 Kg6 57.Kxb4 Kg5
58.Bxg7  1/2-1/2

[Event "Pavlodar Open 2013"]
[Site "Pavlodar KAZ"]
[Date "2013.12.19"]
[Round "10.3"]
[White "Ovetchkin,R"]
[Black "Solak,D"]
[Result "1/2-1/2"]
[WhiteElo "2542"]
[BlackElo "2618"]

1.d4 d5 2.c4 c6 3.Nf3 Nf6 4.Qc2 g6 5.Bf4 Na6 6.e3 Bf5 7.Qb3 Nb4 8.Qxb4 e5
9.Qxb7 Rb8 10.Qxa7 exf4 11.Ne5 Bb4+ 12.Nc3 O-O 13.Nxc6 Qd6 14.Nxb4 Qxb4 15.Qa3 Qb7
16.Be2 Ra8 17.Na4 Qc6  1/2-1/2

[Event "51st Groningen Open A 2013"]
[Site "Groningen NED"]
[Date "2013.12.21"]
[Round "1.40"]
[White "Minko,V"]
[Black "Stolwijk,Colin"]
[Result "1-0"]
[WhiteElo "2327"]
[BlackElo "2041"]

1.d4 Nf6 2.c4 c6 3.Nf3 d5 4.Qb3 a6 5.Nc3 dxc4 6.Qxc4 Bf5 7.g3 e6 8.Bg2 Nbd7
9.Qb3 Qb6 10.Qxb6 Nxb6 11.Ne5 Rd8 12.e4 Bg6 13.a3 c5 14.Nxg6 hxg6 15.dxc5 Bxc5
16.Bg5 Nc4 17.Rb1 Bd4 18.Nd1 Rd6 19.e5 Bxe5 20.Bxb7 Rb6 21.Rc1 Rxb7 22.Rxc4 Ke7
23.O-O Rd8 24.Ra4 Rd6 25.b4 Rc7 26.Ra5 Rcd7 27.Rxe5 Rxd1 28.Ra5 Rxf1+ 29.Kxf1 Rd6
30.a4 Kd7 31.b5 axb5 32.axb5 Kc8 33.Bxf6 gxf6 34.Ra7 Rd7 35.Rxd7 Kxd7 36.h4  1-0